000 00497nam a22001697a 4500
005 20120409122057.0
020 _a8170219884
_c95.00
035 _aB-27311
037 _aDPL
_bENG
100 _aHongzhi, Li
_944864
245 _aFalun Gong /
_cby Li Hongzhi
250 _arev. ed.
260 _aNew Delhi
_bHealth Harmony
_c2000
300 _a185p.
_c20 cms.
942 _2ddc
_cEN
_h250
_mLIH
999 _c64776
_d64776